| 000 | 00666nam a22002177a 4500 | ||
|---|---|---|---|
| 003 | UPN | ||
| 005 | 20250903063933.0 | ||
| 008 | 250901s2001 fr|b|||fru|||i000 0 eng d | ||
| 040 |
_aMX-MxUPN _bspa _cMX-MxUPN |
||
| 041 | _aeng | ||
| 050 |
_aHC130 _bS25 2001 |
||
| 100 |
_aHaddad, Wady _957565 |
||
| 100 |
_aWolff, Lawrence _957566 |
||
| 245 |
_aDebt relief for Science and Technology : _bproposal and guidelines for stakeholders |
||
| 260 |
_aParís : _bUNESCO, _c2001 |
||
| 300 | _a36 páginas | ||
| 490 | _aScience policy studies and documents | ||
| 650 | 4 |
_aCiencia y tecnología _910139 |
|
| 902 | _aMaiella Martínez / 01092025 | ||
| 942 |
_2lcc _cFOLL _n0 |
||
| 999 |
_c213941 _d213941 |
||